000 00431cam a2200181ua 4500
001 3364
008 111019n ii |||gr||||Z||||||asm
040 _cMAIN
082 _a891.4513
100 1 _aGoswami, Jatin,
245 1 1 _aAbyay abyakta
_cby Jatin Goswami
250 _a1st.
260 _aGuahati:
_bChakravarty Pustakalaya,982.
300 _a55p:
_c23cm.
653 _aAssamese novel
653 _aAbyay abyakta
942 _cBK
999 _c3209
_d3209